000 00467nam a2200169Ia 4500
008 090711s9999 xx 000 0 und d
082 _b57774
100 _aकाकडे द. स.
245 _aसात एकर जमीन
260 _c1987
300 _a279
600 _aकाकडे द. स.
630 _aसात एकर जमीन
700 _aकाकडे द. स.
730 _aसात एकर जमीन
942 _cBOOK
999 _c303544
_d303544